<?xml version="1.0" encoding="UTF-8"?>
<collection xmlns:xsi="http://www.w3.org/2001/XMLSchema-instance" xsi:schemaLocation="http://www.loc.gov/MARC21/slim http://www.loc.gov/standards/marcxml/schema/MARC21slim.xsd" xmlns="http://www.loc.gov/MARC21/slim">
 <record>
  <leader>00000cam a22000004a 4500</leader>
  <controlfield tag="001">UP-1685675941123908296</controlfield>
  <controlfield tag="003">Buklod</controlfield>
  <controlfield tag="005">20141216105250.0</controlfield>
  <controlfield tag="006">aa    rb   |||1 u|</controlfield>
  <controlfield tag="007">ta</controlfield>
  <controlfield tag="008">120511s2001    xx a    rb   |001 0|eng d</controlfield>
  <datafield tag="020" ind1=" " ind2=" ">
   <subfield code="a">0534560083</subfield>
  </datafield>
  <datafield tag="035" ind1=" " ind2=" ">
   <subfield code="a">(iLib)UPTAC-00017022556</subfield>
  </datafield>
  <datafield tag="040" ind1=" " ind2=" ">
   <subfield code="a">UPVTC</subfield>
  </datafield>
  <datafield tag="041" ind1=" " ind2=" ">
   <subfield code="a">eng</subfield>
  </datafield>
  <datafield tag="090" ind1=" " ind2=" ">
   <subfield code="a">BF 181</subfield>
   <subfield code="b">M85 2001</subfield>
  </datafield>
  <datafield tag="100" ind1="1" ind2=" ">
   <subfield code="a">Myers, Anne</subfield>
  </datafield>
  <datafield tag="245" ind1="1" ind2="0">
   <subfield code="a">Experimental psychology</subfield>
   <subfield code="c">Anne Myers, Christine H. Hansen.</subfield>
  </datafield>
  <datafield tag="250" ind1=" " ind2=" ">
   <subfield code="a">5th ed.</subfield>
  </datafield>
  <datafield tag="264" ind1=" " ind2="1">
   <subfield code="a">Australia</subfield>
   <subfield code="b">Wadsworth Thomson Learning</subfield>
   <subfield code="c">c2001.</subfield>
  </datafield>
  <datafield tag="300" ind1=" " ind2=" ">
   <subfield code="a">xviii, 571 p.</subfield>
   <subfield code="b">ill. (chiefly colored)</subfield>
   <subfield code="c">24 cm.</subfield>
  </datafield>
  <datafield tag="505" ind1="0" ind2=" ">
   <subfield code="a">Table of Contents: Part One. Introduction: Chapter 1. Experimental Psychology and the Scientific Method -- Chapter 2. Research Ethics -- Chapter 3. Alternatives to Experimentation: Nonexperimental Designs -- Chapter 4. Alternatives to Experimentation: Correlational and Quasi-Experimental Designs -- Chapter 5. Formulating the Hypothesis -- Part Two. Method: Chapter 6. The Basics of Experimentation -- Chapter 7. Solving Problems: Controlling Extraneous Variables -- Chapter 8. Basic Between-Subjects Designs -- Chapter 9. Between- Subjects Factorial Designs -- Chapter 10. Within-Subjects Designs -- Chapter 11. Within- Subjects Designs: Small N -- Part Three. Results: Coping With Data: Chapter 12. Why we need Statistics -- Chapter 13. Analyzing results: Two Group Examples -- Chapter 14. Analyzing results: Multiple-Groups and Factorial Experiments -- Part Four. Discussion: Chapter 15. Drawing Conclusions: The Search for the Elusive Bottom Line -- Chapter 16. Writing the Research Report -- Appendices: A. Computational Formulas -- B. Statistical Table -- C. A Journal Articles in Manuscript Form. -- Glossary. References. Index.</subfield>
  </datafield>
  <datafield tag="650" ind1=" " ind2="0">
   <subfield code="a">Psychology, Experimental.</subfield>
  </datafield>
  <datafield tag="700" ind1="1" ind2=" ">
   <subfield code="a">Hansen, Christine H.</subfield>
   <subfield code="e">author.</subfield>
  </datafield>
  <datafield tag="856" ind1="4" ind2="1">
   <subfield code="3">Table of contents only</subfield>
   <subfield code="u">https://drive.google.com/file/d/1ySLmDVSAXDB4ls35y0-Pld32T0uQcd1I/view?usp=sharing</subfield>
  </datafield>
  <datafield tag="905" ind1=" " ind2=" ">
   <subfield code="a">FO</subfield>
  </datafield>
  <datafield tag="852" ind1="0" ind2=" ">
   <subfield code="a">UPTAC</subfield>
   <subfield code="b">UPTAC</subfield>
   <subfield code="h">BF 181</subfield>
   <subfield code="i">M85 2001</subfield>
  </datafield>
  <datafield tag="942" ind1=" " ind2=" ">
   <subfield code="a">Book</subfield>
  </datafield>
 </record>
</collection>
